Analysis of linear systems (Record no. 4150)

000 -LEADER
fixed length control field 00506nam a22001931 4500
001 - CONTROL NUMBER
control field 4150
003 - CONTROL NUMBER IDENTIFIER
control field BD-DhUET
008 - FIXED-LENGTH DATA ELEMENTS--GENERAL INFORMATION
fixed length control field 790416s1959 maua 000 0 eng
040 ## - CATALOGING SOURCE
Original cataloging agency DLC
Transcribing agency DLC
Modifying agency BD-DhUET
082 ## - DEWEY DECIMAL CLASSIFICATION NUMBER
Classification number 629.83
Item number CHE/1959
100 1# - MAIN ENTRY--PERSONAL NAME
Personal name Cheng, David K.
245 00 - TITLE STATEMENT
Title Analysis of linear systems
250 ## - EDITION STATEMENT
Edition statement 1st ed.
260 ## - PUBLICATION, DISTRIBUTION, ETC. (IMPRINT)
Place of publication, distribution, etc. London
Name of publisher, distributor, etc. Addison-Wesley Publishing
Date of publication, distribution, etc. 1959
300 ## - PHYSICAL DESCRIPTION
Extent 431 p.
490 0# - SERIES STATEMENT
Series statement Addison-Wesley series in electrical engineering
650 #0 - SUBJECT ADDED ENTRY--TOPICAL TERM
Topical term or geographic name as entry element Linear Systems
942 ## - ADDED ENTRY ELEMENTS (KOHA)
Koha item type General Book
Holdings
Shelving location Sublocation or collection (holding branch) Lost status Not for loan Piece designation (barcode) Copy number Damaged status Source of classification or shelving scheme Withdrawn status Location (home branch) Koha item type Price effective from Date acquired Koha normalized classification for sorting Koha full call number Koha date last seen
Circulation sectionCentral Library, BUET  783681   Central Library, BUETGeneral Book2014-11-132014-11-13629_000000000000000_83CHE1959629.83/CHE/19592014-11-13
Circulation sectionCentral Library, BUET  783702   Central Library, BUETGeneral Book2014-11-132014-11-13629_000000000000000_83CHE1959629.83/CHE/19592014-11-13
Circulation sectionCentral Library, BUET  783693   Central Library, BUETGeneral Book2014-11-132014-11-13629_000000000000000_83CHE1959629.83/CHE/19592014-11-13
Circulation sectionCentral Library, BUET  83304   Central Library, BUETGeneral Book2014-11-172014-11-17629_000000000000000_83CHE1959629.83/CHE/19592014-11-17
Circulation sectionCentral Library, BUET  249015   Central Library, BUETGeneral Book2014-11-172014-11-17629_000000000000000_83CHE1959629.83/CHE/19592014-11-17
Circulation sectionCentral Library, BUET  126826   Central Library, BUETGeneral Book2014-11-182014-11-18629_000000000000000_83CHE1959629.83/CHE/19592017-08-28
Reading sectionCentral Library, BUET  248997   Central Library, BUETReading Item2015-06-202015-06-20629_830000000000000_CHE_1959629.83/CHE/19592015-06-20
Reading sectionCentral Library, BUET  126908   Central Library, BUETReading Item2015-06-302015-06-30629_830000000000000_CHE_1959629.83/CHE/19592019-09-07
Reading sectionCentral Library, BUET  83279   Central Library, BUETReading Item2015-06-302015-06-30629_830000000000000_CHE_1959629.83/CHE/19592015-06-30
Reading sectionCentral Library, BUET  833110   Central Library, BUETReading Item2015-06-302015-06-30629_830000000000000_CHE_1959629.83/CHE/19592015-06-30
Reading sectionCentral Library, BUET  832811   Central Library, BUETReading Item2015-07-042015-07-04629_830000000000000_CHE_1959629.83/CHE/19592015-07-04
Circulation sectionCentral Library, BUET  3205812   Central Library, BUETGeneral Book2018-05-121973-10-04629_830000000000000_CHE_1959629.83/CHE/19592018-05-12